000 02009cam a22003374a 4500
001 16534358
003 OSt
005 20180116192431.0
008 101105s2011 ncua b 001 0 eng
010 _a 2010043892
020 _a9780786442546 (softcover : alk. paper)
020 _a0786442549 (softcover : alk. paper)
035 _a(OCoLC)ocn681534308
040 _aDLC
_cDLC
_dYDX
_dYDXCP
_dCDX
_dOMB
_dDLC
042 _apcc
050 0 0 _aTS171.4
_b.G36 2011
082 0 0 _a745.2
_222
100 1 _aGantz, Carroll,
_d1931-
_98178
245 1 4 _aThe industrialization of design :
_ba history from the steam age to today /
_cCarroll Gantz.
260 _aJefferson, N.C. :
_bMcFarland,
_cc2011.
300 _avii, 322 p. :
_bill. ;
_c26 cm.
504 _aIncludes bibliographical references and index.
505 0 _aPre-1800: Twin revolutions -- 1800-1850: The American system -- 1850-1875: International competition -- 1875-1900: The "new" decorative art -- 1900-1918: Architects take the lead -- 1918-1927: Modern design takes root -- 1927-1936: American modern design -- 1936-1945: Dreams of the future and war -- 1945-1950: Postwar recovery and consolidation -- 1950-1965: Imports and contradictions -- 1965-1985: Challenges and computers -- 1985-2010: Global design -- Appendix I. Biographies -- Appendix II. Past presidents of industrial design organizations.
520 _a"Industrial design is a fundamental component of the traditional consumer experience. This book traces the history of industrial design over three centuries, beginning with the eighteenth-century industrial revolution. It identifies the major figures, organizations, styles and evolutionary events of the profession"--
650 0 _aIndustrial design
_xHistory.
_98179
650 0 _aProduct design
_xHistory.
_98180
650 0 _aTechnology
_xHistory.
_98181
906 _a7
_bcbc
_corignew
_d1
_eecip
_f20
_gy-gencatlg
942 _2ddc
_cBK
999 _c354101
_d354101